University Home | Library Home | Institutional Repository

Quick Canadian facts. (Record no. 202205)

MARC details
000 -LEADER
fixed length control field 00475cam2a220019300 4500
001 - CONTROL NUMBER
control field tmp15403662
003 - CONTROL NUMBER IDENTIFIER
control field UPRA
005 - DATE AND TIME OF LATEST TRANSACTION
control field 20190830125911.0
008 - FIXED-LENGTH DATA ELEMENTS--GENERAL INFORMATION
fixed length control field 950807s1961 onc eng u
035 ## - SYSTEM CONTROL NUMBER
System control number (Sirsi) r30778
035 ## - SYSTEM CONTROL NUMBER
System control number (UPRA)tmp15403662
040 ## - CATALOGING SOURCE
Transcribing agency UPRA
245 00 - TITLE STATEMENT
Title Quick Canadian facts.
250 ## - EDITION STATEMENT
Edition statement 1961-1962 ed.
260 ## - PUBLICATION, DISTRIBUTION, ETC.
Place of publication, distribution, etc. Toronto,
Date of publication, distribution, etc. 1961.
651 #0 - SUBJECT ADDED ENTRY--GEOGRAPHIC NAME
Geographic name Canada.
Linkage S38157.1
949 ## - LOCAL PROCESSING INFORMATION (OCLC)
a F1009
w lcc
i -34664
m MAIN
t BOOK
l ON-SHELF

No items available.

© 2026 - The University of Zambia Library - Koha v25.11